Detekcia schizofrénie metódami strojového učenia : dátum obhajoby 25.8.2022

Na minha lista:
Detalhes bibliográficos
Autor principal: Škunda, Juraj (Author)
Outros Autores: Polec, Jaroslav (Thesis advisor)
Formato: Manuscrito Livro
Idioma:eslovaco
Publicado em: Bratislava : STU v Bratislave FEI, 2022
Assuntos:
Acesso em linha:https://opac.crzp.sk/?fn=detailBiblioFormChildUFQ8A&sid=378281AEB05FBF717434CAA6EBFA&seo=CRZP-detail-kniha
Tags: Adicionar Tag
Sem tags, seja o primeiro a adicionar uma tag!

MARC

LEADER 00000ntm a22000003a 4500
001 stuzp76230
003 SK-STU
005 20231106133329.6
007 ta
008 150427s2015----xo-----f-mn---000-0-slo-d
040 |a STU  |b slo 
041 0 |a slo 
044 |a xo 
100 1 |a Škunda, Juraj  |u 037000  |4 aut  |U FEI Fakulta elektrotechniky a informatiky  |T FEI Ústav multimediálnych informačných a komunikačných technológií  |X 74970  |U E070  |Y 818  |7 74970 
242 0 1 |a Schizophrenia detection using machine learning techniques  |y eng 
245 1 0 |a Detekcia schizofrénie metódami strojového učenia :  |b dátum obhajoby 25.8.2022 
260 |a Bratislava : 
260 |b STU v Bratislave FEI, 
260 |c 2022 
300 |a 95 s.,  |b Autoref. 2022, 28 s. 
500 |a Len v elektronickej podobe 
650 4 |a neurónové siete  |2 slo 
650 4 |a schizofrénia  |2 slo 
650 4 |a diagnostická metóda  |2 slo 
650 4 |a strojové učenie  |2 slo 
650 4 |a neural networks  |2 eng 
650 4 |a machine learning  |2 eng 
650 4 |a schizophrenia  |2 eng 
650 4 |a diagnostic method  |2 eng 
700 1 |a Polec, Jaroslav  |u 037000  |k Z1  |4 ths  |U FEI Fakulta elektrotechniky a informatiky  |T FEI Ústav multimediálnych informačných a komunikačných technológií  |X 2004  |U E070  |Y 818  |7 A000002004 
856 4 |u https://opac.crzp.sk/?fn=detailBiblioFormChildUFQ8A&sid=378281AEB05FBF717434CAA6EBFA&seo=CRZP-detail-kniha